000 00380nam a2200145Ia 4500
008 150201s2001 xx 000 0 und d
082 _a617.6
_bS2001S
100 _aGOWRI SHANKAR
245 _aMCQS IN BASIC SCIENCES FOR DENTAL ENTRANCE TEST
250 _a2ND
260 _bPARAS PUBLISHING
_aHYDERABAD
_c2001
300 _a1-442
650 _aGENERAL DENTISTRY
942 _2ddc
_cBK
999 _c2808
_d2808